[Event "CRO-ch U19"]
[Site "Topusko"]
[Date "2012.07.24"]
[Round "2"]
[White "Krsnik, Vedran"]
[Black "Selendic, Matija"]
[Result "0-1"]
[WhiteElo "1681"]
[BlackElo "1753"]
[PlyCount "48"]
[EventDate "2012.??.??"]
[EventType "swiss"]
[EventRounds "9"]
[EventCountry "CRO"]
[SourceTitle "EXT 2013"]
[Source "ChessBase"]
[SourceDate "2012.11.22"]
[SourceVersion "1"]
[SourceVersionDate "2012.11.22"]
[SourceQuality "1"]

1. e4 c5 2. Nf3 d6 3. d4 cxd4 4. Nxd4 Nf6 5. Nc3 Nc6 6. Be2 g6 7. Be3 Bg7 8. h3 Bd7 9. Nb3 a6 10. Qd2 b5 11. a3 Rc8 12. Rb1 Be6 13. f4 0-0 14. 0-0 Qd7 15. Bd3 Rfd8 16. f5 Bxb3 17. cxb3 d5 18. exd5 Nxd5 19. Rbd1 Nxe3 20. Qxe3 Bd4 21. Kh1 Bxe3 22. fxg6 Qxd3 23. Rxd3 Rxd3 24. gxh7+ Kxh7 0-1

[Event "CRO-ch U17"]
[Site "Topusko"]
[Date "2011.07.29"]
[Round "8"]
[White "Monjac, Mislav"]
[Black "Selendic, Matija"]
[Result "0-1"]
[WhiteElo "2043"]
[BlackElo "1736"]
[PlyCount "102"]
[EventDate "2011.07.24"]
[EventType "swiss"]
[EventRounds "9"]
[EventCountry "CRO"]
[SourceTitle "EXT 2012"]
[Source "ChessBase"]
[SourceDate "2011.11.24"]
[SourceVersion "1"]
[SourceVersionDate "2011.11.24"]
[SourceQuality "1"]

1. e4 c5 2. Nf3 d6 3. d4 cxd4 4. Qxd4 Nc6 5. Bb5 Bd7 6. Bxc6 Bxc6 7. Nc3 Nf6 8. Bg5 e6 9. 0-0-0 Be7 10. Qd3 Qa5 11. h4 h6 12. Bd2 Qc7 13. Rhg1 Ng4 14. Qe2 Bf6 15. Ne1 h5 16. f3 Ne5 17. g4 hxg4 18. f4 Nf3 19. Rxg4 Nxd2 20. Qxd2 Rxh4 21. Rxh4 Bxh4 22. Nf3 Bf6 23. Nd4 0-0-0 24. Ndb5 Bxb5 25. Nxb5 Qb6 26. c4 d5 27. e5 Be7 28. Qc3 Kb8 29. Kb1 a6 30. Na3 Bxa3 31. Qxa3 dxc4 32. Rxd8+ Qxd8 33. Kc1 f6 34. Qc5 Qc7 35. Qf8+ Ka7 36. exf6 Qxf4+ 37. Kc2 Qf2+ 38. Kc1 gxf6 39. Qc8 Qb6 40. a4 e5 41. a5 Qxa5 42. Qxc4 f5 43. Qd3 Qc5+ 44. Kb1 f4 45. Qf5 Qe3 46. b4 f3 47. b5 f2 48. Qf6 axb5 49. Qf8 Qd3+ 50. Kb2 f1Q 51. Qc5+ Ka6 0-1

[Event "CRO-chT2 U20 Center"]
[Site "Zagreb"]
[Date "2011.04.09"]
[Round "7.11"]
[White "Selendic, Matija"]
[Black "Vucic, Mihovil"]
[Result "0-1"]
[WhiteElo "1709"]
[BlackElo "1950"]
[PlyCount "54"]
[EventDate "2011.03.19"]
[EventType "team-swiss"]
[EventRounds "7"]
[EventCountry "CRO"]
[SourceTitle "EXT 2014"]
[Source "ChessBase"]
[SourceDate "2013.11.20"]
[SourceVersion "1"]
[SourceVersionDate "2013.11.20"]
[SourceQuality "1"]

1. e4 c5 2. Nf3 d6 3. Bb5+ Bd7 4. Bxd7+ Qxd7 5. d4 cxd4 6. Nxd4 Nf6 7. Nc3 g6 8. Be3 Bg7 9. f3 0-0 10. Qd2 Nc6 11. g4 Ne5 12. 0-0-0 Nc4 13. Qe2 Nxe3 14. Qxe3 Qc7 15. g5 Nh5 16. Nd5 Qd8 17. f4 e6 18. Nc3 Nxf4 19. h4 Nh5 20. Nf3 Bxc3 21. Qxc3 Qb6 22. Qd3 Rfd8 23. Nh2 Qf2 24. Ng4 Qf4+ 25. Ne3 Ng3 26. Rh3 d5 27. Qb3 d4 0-1